Obras

Αποθηκεύτηκε σε:
Λεπτομέρειες βιβλιογραφικής εγγραφής
Κύριος συγγραφέας: Epicuro (autor)
Μορφή: Βιβλίο
Γλώσσα:Ισπανικά
Έκδοση: Madrid Tecnos 2013
Έκδοση:5a. ed
Σειρά:Colección Clásicos del Pensamiento. Tercer Milenio
Θέματα:
Ετικέτες: Προσθήκη ετικέτας
Δεν υπάρχουν, Καταχωρήστε ετικέτα πρώτοι!

MARC

LEADER 00000cam a2200000 a 4500
001 UCD1708
003 CL-VaPUC
008 160324e20130000sp |||||||||||||||||spa|d
020 |a 9788430942572 
082 0 4 |a 146.5  |b EPI  |2 21 
100 |a Epicuro  |e autor   |9 314341 
245 1 0 |a Obras 
250 |a 5a. ed 
300 |a 101 p 
942 |c BK 
945 |d 20160324 12:59:00  |a arojas 
260 |a Madrid  |b Tecnos  |c 2013 
650 7 |a EPICUREISMO  |2 CL-VaPUC  |9 266523 
650 0 |a Atomismo  |9 335196 
650 0 |a Filosofía antigua   |9 255705 
650 0 |a Escuelas filosóficas   |9 266232 
650 0 |a Correspondencia  |9 258963 
650 7 |a OBRAS COMPLETAS  |2 CL-VaPUC  |9 267550 
583 |a last modification  |c 20160324 12:59:00  |k Rodrigo Vera 
490 0 |a Colección Clásicos del Pensamiento. Tercer Milenio 
999 |c 362979  |d 362977 
952 |0 0  |1 0  |3 erb  |4 0  |6 146_500000000000000_EPI_2013  |7 0  |8 A  |9 474634  |a BIBEDU  |b BIBEDU  |i 5267684  |o 146.5 EPI 2013  |p 5267684  |r 2019-11-24  |w 2019-11-24  |y BK  |z Catalogado en:20160324  |k FIL